Normal view
MARC view
- De Weese, Fred C
Entry Personal Name
001 - CONTROL NUMBER
- control field: 41445
003 - CONTROL NUMBER IDENTIFIER
- control field: NUST
005 - DATE AND TIME OF LATEST TRANSACTION
- control field: 20210314132045.0
008 - FIXED-LENGTH DATA ELEMENTS
- fixed length control field: 210314|| aca||aabn | a|a d
040 ## - CATALOGING SOURCE
- Original cataloging agency: NUST
- Transcribing agency: NUST
100 ## - HEADING--PERSONAL NAME
- Personal name: De Weese, Fred C
670 ## - SOURCE DATA FOUND
- Source citation: Work cat.: (NUST): De Weese, Fred C., Transmission lines;, 1945.
